MDQL
is popping MORE tags! Check the
thread
!
Quizzes
Events
Quiz Creation
Community
Videos
Private Events
Remove Ads
Sign In
Join for FREE
Feedback
Dark Mode
Quiz Categories
Sports
Geography
Music
Movies
Television
Just For Fun
Miscellaneous
History
Literature
Language
Science
Gaming
Entertainment
Religion
Holiday
For Kids
Quiz Lab
Recent
Popular Today
Quiz Kudos Today
Editor Picks
Curator Picks
Quizzes by...
Day
Popularity
Type
Ratings
Length
Year
Community
Subscriptions
Recent Discussions
Orange Saloon
Badges
Playlists
Quests
Create
Leaderboards
Showdown
Live 5
Trivia Bingo
Activity
Puzzle Library
Sporcle Events
Private Events
Virtual Trivia
Globe League
Become a Host
Pub Owners
SporcleCon
Opinionation
Our Games
Videos
Blog
Mobile Apps
Partnerships
Remove Ads and Go Orange
Feedback
Miscellaneous
Crossword
General Knowledge
Baby Names
Logo
Food
Cars
Numbers
Grab Bag
University
College
Popular
Company
Slogans
Restaurants
Justice
Letter
Miscellaneous
Crossword
General Knowledge
Baby Names
Logo
Food
Cars
Numbers
Grab Bag
University
College
Popular
Company
Slogans
Restaurants
Justice
Letter
Random Quiz
Search Sporcle
×
Quiz Lab
Quiz Lab
Miscellaneous
World
Type in answers that appear in a list
Type in answers that appear in a list
Classic
Best Score? Go Orange.
Top 50 unis in the world Stats
Can you name the Top 50 unis in the world?
By
sh6372
15m
50 Questions
139 Plays
139 Plays
139 Plays
Comments
Comments
Give Quiz Kudos
Give Quiz Kudos
-
- Ratings
hide this ad
Replay
Link that replays current quiz
Next Quiz
Link to next quiz in quiz playlist
You Got
0%
They Got
Avg Score
29%
Avg Friend Score
Upgrade to see
Score Distribution
Jump to the score distribution portion of the page
Score
0/50
Timer
15:00
0
Plays Today
Country
University
% Correct
United States
Harvard
94.2%
United Kingdom
Oxford
90.6%
United Kingdom
Cambridge
87.8%
United States
Yale
84.9%
United Kingdom
UCL
65.5%
United States
Princeton
63.3%
United States
MIT
58.3%
United States
Brown
56.1%
United States
Stanford
50.4%
United Kingdom
Imperial
45.3%
Australia
Sydney
41%
United States
Columbia
40.3%
United Kingdom
Manchester
38.8%
United States
Cornell
37.4%
United States
LA
36.7%
Japan
Tokyo
36%
Australia
Melbourne
33.1%
Hong Kong
Hong Kong
31.7%
Hong Kong
Hong Kong
31.7%
Hong Kong
Hong Kong
31.7%
United States
Duke
30.9%
United Kingdom
Edinburgh
30.9%
Canada
Toronto
27.3%
United Kingdom
Bristol
27.3%
United States
Berkeley
25.2%
Country
University
% Correct
United States
Chicago
23.7%
United States
Pennsylvania
23.7%
Netherlands
Amsterdam
23.7%
South Korea
Seoul
23%
United States
Michigan
22.3%
United States
CIT
18%
Canada
McGill
18%
United Kingdom
King's College London
18%
Ireland
Trinity
17.3%
United States
North Western
15.1%
Japan
Osaka
14.4%
Australia
Australian
12.2%
Japan
Kyoto
12.2%
Canada
British Columbia
9.4%
Singapore
NUS
8.6%
Australia
Queensland
8.6%
Switzerland
ETH Zurich
7.2%
United States
John Hopkins
5%
Switzerland
Lausanne
5%
Australia
New South Wales
5%
United States
Carnegie Mellon
4.3%
France
ENS
4.3%
Australia
Monash
2.2%
France
École Polytechnique
0%
China
Tsinghau
0%
Quiz Playlist
Details
Report
Send in Message
Add To Playlist
Classic:
Type in answers that appear in a list
Last Updated: Feb 16, 2017
Quiz Scoreboard
CHALLENGE
Sign Up to Join the Scoreboard
Show All
Scores
Hide
Comments
May contain spoilers
Recently Published
Street Fighter Characters
by Artimus82
Gaming
60s
9x9 Crossword: Cartoon Network
by jackfrog10
Miscellaneous
3m
College Basketball Coaching Resumes
by pancakes188
Sports
9m
More to Explore
Quiz From the Vault
Featured Blog Post
Where Did the Easter Bunny Come From?
hide this ad
You Might Also Like...
Tags
Country Quiz
University Quiz
World Quiz
100
Top 100
uni
Today's Top Quizzes in Miscellaneous
Browse Miscellaneous
hide this ad
Today's Top Quizzes in World
Browse World
Top Contributed Quizzes in Miscellaneous
1
5-to-1: Fast Food
2
The JOE quick-fire general knowledge quiz: Day 174
3
The JOE quick-fire general knowledge quiz: Day 173
4
5-to-1: Cocktails
5
The JOE quick-fire general knowledge quiz: Day 172
6
9x9 Crossword: Disney Movie Titles
7
Sunday Crossword: Famous Bodies of Water
8
9x9 Crossword: Charlie and the Chocolate Factory
9
The JOE quick-fire general knowledge quiz: Day 171
10
One Thing in Common: United Kingdom II
Explore More
Trending Topics
Marvel
Anime
Kpop
Harry Potter
Crossword
Disney
NBA
Puzzle
NFL
Song
Soccer
WWE
The Office
Country
Pokémon
hide this ad
More By:
sh6372
Quiz
Plays
Rating
Category
Featured
Created
Hard general knowledge
2,706
2.19
Miscellaneous
Feb 14, 2011
Hard Pub Quiz (with anagrams)
706
3.20
Miscellaneous
May 11, 2011
English Football Anagrams
200
3.50
Sports
Feb 14, 2011
Top 50 unis in the world
139
2.00
Miscellaneous
Jun 28, 2010
Go to Creator's Profile
Score Distribution
Quiz Creator Spotlight
sh6372
Follow
Send a Message
Quizzes Created
-
Created Quiz Play Count
-
More By This Creator
Popular Quizzes Today
1
Find the US States - No Outlines Minefield
2
Find the Countries of Europe - No Outlines Minefield
3
The Countries of the World
4
Find the US States
5
Risky Map Clicking: Biggest States A-Z
6
US States
7
Popular People in 1961
8
Movies - When Are They Set?
More Miscellaneous Quizzes
Food, glorious food
Editor's Pick
Trending Quizzes
Risky Map Clicking: Least Populous States A-Z
Countries of the World: 200 Million BC
1-10 Letter G Words
Risky Map Clicking: Next State Alphabetically
Adjectives in 80s TV Shows
Recently Updated
Leaping Animals
pecheneg
Reality TV Shows (A-Z)
bhenderson79
Rickey Henderson's Hall of Fame Teammates
pecheneg
Champions League XIs: Arsenal
pecheneg
Quick Pick: Celebrities in WWE's Hall of Fame
aduchscher
A-Z Keypad Blitz II
pecheneg
Multiple Oscar Actors
pecheneg
Mystery Phrase Blitz: Oscar 'Best Actors'
pecheneg
F. Scott Fitzgerald Novels
LTH
Pick 3 Villains
ddd62291
Trending Topics
Disney
Marvel
NBA
Kpop
Crossword
Harry Potter
Anime
Song
NFL
Country
Puzzle
Soccer
The Office
WWE
Pokémon
Your Account Isn't Verified!
In order to create a playlist on Sporcle, you need to verify the email address you used during registration. Go to your
Sporcle Settings
to finish the process.
Report this User
Report this user for behavior that violates our
Community Guidelines
.
Details:
Send Report
Go to the Sporcle.com Mobile Site →
Comments